Countries with ONLY unique trigrams (3-letter combos) Quiz Stats

 Plays Quiz not verified by Sporcle

Score 0/19 Timer 10:00
0 Plays Today
% Correct
Peru
79.2%
Mexico
72.7%
Togo
72.7%
Fiji
70.1%
Chad
68.8%
Cuba
68.8%
Egypt
68.8%
Qatar
67.5%
Laos
64.9%
Samoa
59.7%
% Correct
Israel
57.1%
Tuvalu
55.8%
Kenya
54.5%
Kosovo
49.4%
Gabon
45.5%
Zimbabwe
45.5%
Georgia
32.5%
Honduras
26%
Cape Verde
20.8%

You're not logged in!

Compare scores with friends on all Sporcle quizzes.
OR
Log In

Sporcle TV

Today on Sporcle TV


Watch our educational content, quiz creation guides, and fun videos on Sporcle TV.

Show Comments

Extras

Top Quizzes Today


Score Distribution

Paid Content

Your Account Isn't Verified!

In order to create a playlist on Sporcle, you need to verify the email address you used during registration. Go to your Sporcle Settings to finish the process.

Report this User

Report this user for behavior that violates our Community Guidelines.

Details: